[Event "Best of 5 games"]
[Site "http://www.queenalice.com/game.php?id=618661"]
[Date "2009.7.14"]
[Round "-"]
[White "danbots5k"]
[Black "Sergeant_Cribb"]
[Result "1/2-1/2"]
[WhiteElo "2186"]
[BlackElo "2082"]

1. e4 c5 2. Nf3 d6 3. d4 cxd4 4. Nxd4 Nf6 5. Nc3 g6 6. Bb5+ Bd7 7. Bc4 Bg7 8.
O-O Nc6 9. Nb3 O-O 10. Be2 Be6 11. f4 Qc8 12. Kh1 Rd8 13. Be3 d5 14. e5 Ne4 15.
Nxe4 dxe4 16. Nd4 Nxd4 17. Bxd4 f6 18. c3 fxe5 19. fxe5 Bxe5 20. Qa4 Bxd4 21.
cxd4 Qd7 22. Qb4 a5 23. Qc5 Bd5 24. a4 Qd6 25. Rac1 Qxc5 26. dxc5 Rf8 27. Rfd1
e6 28. Kg1 Rad8 29. Rc3 Bc6 30. Rxd8 Rxd8 31. b3 Rf8 32. Bc4 Rf6 33. Bb5 Kf7 34.
Bxc6 bxc6 35. Re3 Rf5 36. Rxe4 Rxc5 37. b4 axb4 38. Rxb4 Kf6 39. Kf2 Rc3 40. Rb7
h5 41. a5 Ra3 42. Ra7 c5 43. a6 c4 44. Ra8 c3 45. Ke3 c2+ 46. Kd2 Ra2 47. a7 Kg7
48. h4 e5 49. g3 e4 50. Kc1 e3 51. Re8 e2 52. Rxe2 Rxa7 53. Re3 Rc7 54. Rf3 Rc4
55. Rf2 Rc3 56. Rg2 Kf6 57. g4 Rc4 58. gxh5 gxh5 59. Rxc2 Rxh4 60. Rf2+ Kg5 61.
Kd1 Kg4 62. Ke2 Kg3 63. Rf3+ Kg4 64. Rf2 Rh1 65. Rg2+ Kf4 66. Kf2 h4 67. Rg8 h3
1/2-1/2

[Event "Best of 5 games"]
[Site "http://www.queenalice.com/game.php?id=618662"]
[Date "2009.7.14"]
[Round "-"]
[White "danbots5k"]
[Black "Sergeant_Cribb"]
[Result "1/2-1/2"]
[WhiteElo "2123"]
[BlackElo "2037"]

1. c4 Nf6 2. Nc3 c5 3. Nf3 e6 4. d4 cxd4 5. Nxd4 Bb4 6. Nb5 a6 7. Nd6+ Ke7 8.
Nxc8+ Qxc8 9. Qb3 Nc6 10. a3 Ba5 11. e3 d5 12. cxd5 Nxd5 13. Bd2 Rd8 14. Nxd5+
Rxd5 15. Bc3 Qc7 16. Bc4 Rd7 17. O-O Bxc3 18. Qxc3 Kf8 19. Bd3 Ne5 20. Qb4+ Qd6
21. Qxd6+ Rxd6 22. Be4 f5 23. Bf3 Nxf3+ 24. gxf3 Rc8 25. Rac1 Rdc6 26. Rxc6 Rxc6
27. Rd1 Ke7 28. Rd2 g5 29. Kg2 h5 30. h4 g4 31. Kg3 Rc1 32. f4 Rh1 33. Kg2 Rxh4
34. b4 Rh3 35. Rc2 Kd7 36. Rd2+ Kc7 37. Rc2+ Kd7 38. Rd2+ Kc7 39. Rc2+ Kd7 40.
Rd2+ Ke7 41. Rc2 Kd7 42. Rd2+ Kc6 43. Rc2+ Kd7 1/2-1/2

[Event "DC vs Sergeant_Cribb"]
[Site "http://www.queenalice.com/game.php?id=621187"]
[Date "2009.7.18"]
[Round "-"]
[White "DC"]
[Black "Sergeant_Cribb"]
[Result "0-1"]
[WhiteElo "1578"]
[BlackElo "1920"]

1. e4 e5 2. f4 Bc5 3. Nf3 d6 4. d3 Nc6 5. h4 Nf6 6. fxe5 dxe5 7. Bd2 Ng4 8. d4
Nxd4 9. Nxd4 Qxd4 10. Qe2 Qf2+ 11. Qxf2 Nxf2 12. Rh2 Nxe4 13. g3 O-O 14. Nc3
Nxd2 15. Kxd2 Bf5 16. Re1 Rad8+ 17. Kc1 Rfe8 18. Bc4 c6 19. Rg2 b5 20. Bd3 Bxd3
21. cxd3 Rxd3 22. Rge2 f6 23. g4 Bb4 24. Ne4 Bxe1 25. Rxe1 Red8 26. Nc5 R3d4 27.
b3 Rxg4 0-1

[Event "Challenge"]
[Site "http://www.queenalice.com/game.php?id=623198"]
[Date "2009.7.22"]
[Round "-"]
[White "montelo"]
[Black "Sergeant_Cribb"]
[Result "0-1"]
[WhiteElo "1703"]
[BlackElo "1660"]

1. e4 e5 2. Qh5 Nc6 3. Qd1 Nf6 4. Nc3 d5 5. f3 Bc5 6. Nge2 dxe4 7. fxe4 Ng4 8.
d4 Nxd4 9. h3 Nf3+ 10. gxf3 Bf2# 0-1

[Event "Challenge"]
[Site "http://www.queenalice.com/game.php?id=623199"]
[Date "2009.7.22"]
[Round "-"]
[White "Sergeant_Cribb"]
[Black "montelo"]
[Result "1-0"]
[WhiteElo "1817"]
[BlackElo "1856"]

1. e4 e5 2. Nf3 Nc6 3. Bb5 d6 4. d4 Bd7 5. Nc3 a6 6. Bxc6 Bxc6 7. dxe5 dxe5 8.
Qxd8+ Rxd8 9. Nxe5 Bd7 10. O-O Nf6 11. Bg5 Be7 12. Nd3 h6 13. Bf4 c6 14. Rad1
Nh5 15. Be3 O-O 16. Bb6 Rc8 17. Nc5 Bg4 18. f3 Bxc5+ 19. Bxc5 Bxf3 20. Rxf3 Nf6
21. Bxf8 Rxf8 22. e5 Ng4 23. e6 Ne5 24. e7 Nxf3+ 25. gxf3 f6 26. Rd8 Kf7 27.
exf8=Q+ 1-0

[Event "Challenge"]
[Site "http://www.queenalice.com/game.php?id=638072"]
[Date "2009.8.17"]
[Round "-"]
[White "Sergeant_Cribb"]
[Black "Nyvang"]
[Result "1-0"]
[WhiteElo "1879"]
[BlackElo "1803"]

1. e4 g6 2. d4 b6 3. Nc3 Bg7 4. f4 Bb7 5. Nf3 Nf6 6. Bd3 O-O 7. O-O d5 8. e5 Ne4
9. Bxe4 dxe4 10. Ng5 f6 11. Ne6 1-0

[Event "Challenge"]
[Site "http://www.queenalice.com/game.php?id=640642"]
[Date "2009.8.22"]
[Round "-"]
[White "sunking"]
[Black "Sergeant_Cribb"]
[Result "0-1"]
[WhiteElo "1790"]
[BlackElo "2074"]

1. d4 Nf6 2. d5 e5 3. Nf3 d6 4. Bg5 Be7 5. Bxf6 Bxf6 6. h3 e4 7. Nd4 c5 8. Nf5
Bxf5 9. Na3 Bxb2 10. Rb1 Qa5+ 11. Qd2 Bc3 12. Nc4 Bxd2+ 13. Kd1 Qc7 14. Nxd2 O-O
15. g4 Bg6 16. e3 Nd7 17. Bg2 Rfe8 18. f4 exf3 19. Bxf3 Rxe3 20. Be2 Nb6 21. Rb3
Rae8 22. Nc4 Rxe2 23. Ne3 R8xe3 24. Re1 Rxe1+ 25. Kd2 Nc4# 0-1

[Event "Challenge"]
[Site "http://www.queenalice.com/game.php?id=641333"]
[Date "2009.8.23"]
[Round "-"]
[White "Sergeant_Cribb"]
[Black "leo3"]
[Result "1-0"]
[WhiteElo "2075"]
[BlackElo "1844"]

1. e4 c5 2. Nf3 e6 3. d3 Nc6 4. g3 Be7 5. Bg2 Bf6 6. O-O Nge7 7. c3 O-O 8. Nbd2
d6 9. Re1 b5 10. Nf1 Bb7 11. d4 cxd4 12. cxd4 Ng6 13. Be3 Qe7 14. Qd2 Rad8 15.
g4 Nh4 16. g5 Nxf3+ 17. Bxf3 Be5 18. dxe5 dxe5 19. Qc1 Nd4 20. Bxd4 exd4 21. Ng3
g6 22. Qd2 f5 23. h4 fxe4 24. Bxe4 Bxe4 25. Nxe4 e5 26. Nf6+ Kg7 27. Qe2 d3 28.
Qxe5 Qxe5 29. Rxe5 d2 30. Rd1 a6 31. Re2 1-0

[Event "Challenge"]
[Site "http://www.queenalice.com/game.php?id=643038"]
[Date "2009.8.27"]
[Round "-"]
[White "Sergeant_Cribb"]
[Black "Nyvang"]
[Result "1-0"]
[WhiteElo "2063"]
[BlackElo "1814"]

1. e4 g6 2. d4 b6 3. c4 Bb7 4. Nc3 Bg7 5. Be3 e6 6. Qd2 Nc6 7. d5 Ne5 8. h3 exd5
9. cxd5 d6 10. f4 Nd7 11. Nf3 Qe7 12. Bd3 Ngf6 13. O-O O-O-O 14. b4 Nh5 15. Nd4
Qh4 16. Rac1 Kb8 17. Ncb5 Rc8 18. Qc2 Ng3 19. Rf3 f5 20. Bf2 a6 21. Bxg3 Qf6 22.
Nc6+ Bxc6 23. Qxc6 axb5 24. Bxb5 Qd4+ 25. Bf2 Qxb4 26. Ba6 Nc5 27. Bxc5 1-0

[Event "Challenge #1"]
[Site "http://www.queenalice.com/game.php?id=648678"]
[Date "2009.9.7"]
[Round "-"]
[White "Aylton"]
[Black "Sergeant_Cribb"]
[Result "0-1"]
[WhiteElo "2075"]
[BlackElo "2092"]

1. d4 d5 2. Nf3 Bf5 3. e3 e6 4. c4 c6 5. a3 Nf6 6. Nc3 Bd6 7. Bd3 Bxd3 8. Qxd3
Nbd7 9. O-O O-O 10. h3 Qe7 11. c5 Bc7 12. b4 e5 13. dxe5 Nxe5 14. Nxe5 Bxe5 15.
Bb2 Rfe8 16. Rab1 Rad8 17. Rfe1 Ne4 18. Nxe4 dxe4 19. Qc2 Rd3 20. Red1 Red8 21.
Bxe5 Qxe5 22. Rxd3 exd3 23. Qd2 Qd5 24. f3 h6 25. Kf2 Qc4 26. g4 f5 27. gxf5
Qh4+ 28. Kg2 Qg5+ 29. Kh2 Qxf5 30. e4 Qe5+ 31. Kg2 Kh7 32. Re1 Qe6 33. a4 Qb3
34. a5 Rd4 35. e5 Rc4 36. Kg3 Qc2 37. Qxc2 dxc2 38. Rc1 Kg6 39. f4 Kf5 40. Rf1
c1=Q 41. Rxc1 Rxc1 0-1

[Event "Challenge #2"]
[Site "http://www.queenalice.com/game.php?id=648679"]
[Date "2009.9.7"]
[Round "-"]
[White "Sergeant_Cribb"]
[Black "Aylton"]
[Result "0-1"]
[WhiteElo "2034"]
[BlackElo "2034"]

1. e4 c5 2. Nf3 Nc6 3. d4 cxd4 4. Nxd4 e5 5. Nb5 d6 6. c4 a6 7. N5c3 Be7 8. Nd5
Nf6 9. Nbc3 O-O 10. Be3 Be6 11. Nb6 Rb8 12. Be2 h6 13. O-O Qc7 14. Rc1 Rbd8 15.
Ncd5 Qb8 16. f3 Bxd5 17. cxd5 Na7 18. Qc2 Nc8 19. Qc7 Nxb6 20. Bxb6 Rd7 21. Qxb8
Rxb8 22. b4 Bd8 23. Be3 b5 24. Rc6 Kf8 25. Rxa6 Ne8 26. Rc1 Ke7 27. Rac6 f6 28.
Rc8 Rdb7 29. g3 Kd7 30. f4 Rxc8 31. Bg4+ Ke7 32. Bxc8 Rb8 33. Bg4 Nc7 34. Rc6
Ra8 35. Bb6 Ne8 36. Bxd8+ Kxd8 37. Rc2 Ra4 38. Rb2 Nc7 39. Be2 Kc8 40. Kf2 Kb7
41. fxe5 fxe5 42. Ke1 Kb6 43. Rc2 Rxb4 44. Rc6+ Kb7 45. Rxd6 Rxe4 46. Rd7 Kb6
47. Kf2 Rd4 0-1

[Event "Challenge"]
[Site "http://www.queenalice.com/game.php?id=649157"]
[Date "2009.9.8"]
[Round "-"]
[White "Sergeant_Cribb"]
[Black "Nyvang"]
[Result "1-0"]
[WhiteElo "2065"]
[BlackElo "1841"]

1. g3 d5 2. Nf3 Nc6 3. d4 h6 4. Bg2 Bf5 5. O-O e6 6. c4 dxc4 7. Qa4 Be4 8. Nc3
Nf6 9. Nxe4 Nxe4 10. Qxc4 Bd6 11. Ne5 Bxe5 12. dxe5 Qd4 13. Qxd4 Nxd4 14. Bxe4
Nxe2+ 15. Kg2 O-O-O 16. Be3 Nd4 17. Rfd1 c5 18. Rac1 b6 19. Bxd4 Kb8 20. Be3 Rc8
21. Rd7 Rc7 22. Rcd1 f5 23. exf6 gxf6 24. Rd8+ Rxd8 25. Rxd8+ Rc8 26. Rxc8+ Kxc8
27. Bxh6 f5 28. Bd3 Kd7 29. Bf4 a5 30. Bc4 Kc6 31. Bxe6 1-0

[Event "Our Match 6 games We'll see"]
[Site "http://www.queenalice.com/game.php?id=650100"]
[Date "2009.9.10"]
[Round "-"]
[White "danbots5k"]
[Black "Sergeant_Cribb"]
[Result "1-0"]
[WhiteElo "2315"]
[BlackElo "2108"]

1. e4 e5 2. Nf3 d6 3. c3 f5 4. exf5 Bxf5 5. Qb3 Be4 6. Qe6+ Qe7 7. Qc8+ Qd8 8.
Qxd8+ Kxd8 9. Ng5 Bd5 10. c4 h6 11. cxd5 hxg5 12. d3 Be7 13. Nc3 Nf6 14. g3 Nbd7
15. Bg2 g4 16. Be3 Nb6 17. a4 a6 18. b4 Ke8 19. Rc1 Kf7 20. a5 Nbd7 21. Ne4 Nxe4
22. Bxe4 Bd8 23. Bf5 Nf6 24. Be6+ Kg6 25. O-O Re8 26. f4 gxf3 27. Rxf3 Rxe6 28.
dxe6 c6 29. g4 Be7 30. h3 Nd5 31. Rf7 Rh8 32. Kh2 Re8 33. Bd2 Nc7 34. Rf5 Nxe6
35. Rcf1 Bf6 36. Kg2 Nd4 37. R5f2 Ne6 38. Be3 Rh8 39. Rf3 1-0

[Event "Our Match 6 games We'll see"]
[Site "http://www.queenalice.com/game.php?id=650268"]
[Date "2009.9.10"]
[Round "-"]
[White "Sergeant_Cribb"]
[Black "danbots5k"]
[Result "0-1"]
[WhiteElo "2038"]
[BlackElo "2332"]

1. e4 c6 2. d4 d5 3. exd5 Qxd5 4. Nc3 Qa5 5. Nf3 Bg4 6. h3 Bxf3 7. Qxf3 e6 8.
Bd2 Nd7 9. Bc4 Qb6 10. Qd3 O-O-O 11. Na4 Qc7 12. Bb3 Ngf6 13. Qe2 h6 14. O-O-O
Nd5 15. Qf3 Nb8 16. c4 Nf6 17. Kb1 Rxd4 18. Be3 Rxd1+ 19. Rxd1 b6 20. g4 Be7 21.
h4 Rf8 22. g5 hxg5 23. hxg5 Nfd7 24. Bf4 e5 25. Be3 f5 26. gxf6 Rxf6 27. Qg4 Bf8
28. Nc3 Rd6 29. Rh1 Rd3 30. Ne4 Bc5 31. Bxc5 bxc5 32. Nxc5 Qd6 33. Nxd3 Qxd3+
34. Ka1 g6 35. Rd1 Qf5 36. Qxf5 gxf5 37. Bc2 f4 38. b4 Kc7 0-1

[Event "Challenge"]
[Site "http://www.queenalice.com/game.php?id=653284"]
[Date "2009.9.16"]
[Round "-"]
[White "Nyvang"]
[Black "Sergeant_Cribb"]
[Result "0-1"]
[WhiteElo "1857"]
[BlackElo "2084"]

1. d4 Nf6 2. Nc3 g6 3. e4 d6 4. h3 Bg7 5. Nf3 O-O 6. e5 Nfd7 7. Bc4 dxe5 8. O-O
exd4 9. Nxd4 Nb6 10. Bxf7+ Rxf7 11. Nde2 Qxd1 12. Rxd1 Nc6 13. Ne4 Bf5 14. N2g3
Nc4 15. c3 Nd6 16. Ng5 Rf6 17. Nxf5 gxf5 18. f4 h6 19. Nf3 Re6 20. Nh4 Bf6 21.
Nf3 Kf7 22. Rd3 Rg8 23. Be3 Nc4 24. Re1 Rxe3 25. Rdxe3 Nxe3 26. Rxe3 Rd8 27.
Ne5+ Bxe5 28. fxe5 Ke6 29. b4 Nxe5 30. Rg3 Kf6 31. Re3 Rd3 32. Rxd3 Nxd3 33. Kf1
Ke5 34. Ke2 Nc1+ 0-1

[Event "Challenge"]
[Site "http://www.queenalice.com/game.php?id=656432"]
[Date "2009.9.22"]
[Round "-"]
[White "Sergeant_Cribb"]
[Black "thedead"]
[Result "1-0"]
[WhiteElo "2092"]
[BlackElo "1430"]

1. e4 e5 2. Nf3 Nc6 3. Bb5 a6 4. Bxc6 dxc6 5. O-O Bd6 6. d4 Qf6 7. dxe5 Bxe5 8.
Nxe5 Qxe5 9. f4 Qc5+ 10. Kh1 Bd7 11. Nc3 O-O-O 12. Qe2 f6 13. Be3 Qe7 14. Rab1
Nh6 15. b4 Rhe8 16. a4 Nf7 17. Rfd1 Nd6 18. Bc5 g6 19. Bxd6 cxd6 20. Qc4 h5 21.
b5 a5 22. bxc6 Bxc6 23. Rd4 f5 24. Nd5 Qe6 25. Rb6 Kd7 26. Rxb7+ Bxb7 27. Qc7#
1-0

[Event "Challenge"]
[Site "http://www.queenalice.com/game.php?id=658693"]
[Date "2009.9.27"]
[Round "-"]
[White "Ebbe"]
[Black "Sergeant_Cribb"]
[Result "1-0"]
[WhiteElo "2001"]
[BlackElo "2061"]

1. e4 e5 2. Nf3 d6 3. d4 Nf6 4. Bg5 Nbd7 5. d5 Be7 6. Nc3 h6 7. Bh4 Nf8 8. h3
Ng6 9. Qd2 Nxh4 10. Nxh4 Nxe4 11. Nxe4 Bxh4 12. c4 f5 13. Nc3 O-O 14. Ne2 f4 15.
O-O-O Bxf2 16. Kb1 Be3 17. Qc3 Bf5+ 18. Ka1 Be4 19. Rh2 Qh4 20. Qe1 Qxe1 21.
Rxe1 Bg6 22. Nc3 1-0

[Event "Challenge"]
[Site "http://www.queenalice.com/game.php?id=659191"]
[Date "2009.9.27"]
[Round "-"]
[White "danbots5k"]
[Black "Sergeant_Cribb"]
[Result "1-0"]
[WhiteElo "2329"]
[BlackElo "2043"]

1. Nf3 d5 2. d4 Nc6 3. e3 Bg4 4. Bb5 Qd7 5. c3 a6 6. Be2 Nf6 7. b4 Bxf3 8. Bxf3
e5 9. O-O Bd6 10. g3 e4 11. Bg2 O-O 12. Nd2 b5 13. a4 Ne7 14. Nb3 c6 15. Ba3 Qc7
16. Na5 Nd7 17. f3 exf3 18. Rxf3 f5 19. Bh3 1-0